| 000 | 00772cab a2200181 4500 | ||
|---|---|---|---|
| 001 | ##L133348 | ||
| 008 | 060503n2006 000 0 eng u | ||
| 035 | _a(Sirsi) u133348 | ||
| 041 | 0 | _aeng | |
| 100 | 1 | _aMcCormick, Helen | |
| 245 | 0 | 0 | _aBalfour's back in the top spot |
| 260 | _c2006 | ||
| 490 | 0 |
_aContract Journal _v433(6571) 20 April 2006, 20-21(2) |
|
| 520 | _aBalfour Beatty topped the new work winners league table in March 2006, with Kier in second place. Also includes tables giving breakdown of work by sector and geographical area, pie graphs showing work by sector over past 12 months and in February, and bar chart illustrating total orders in last 12 months. | ||
| 590 | _aIKA090506 | ||
| 690 | _aBUILT ENVIRONMENT-CONSTRUCTION MARKET | ||
| 942 | _n0 | ||
| 999 |
_c76948 _d76948 |
||